[Event "IECC KO-4024"]
[Site "IECC email"]
[Date "2009.09.03"]
[Round "?"]
[White "Stilman, Eduardo"]
[Black "Gertner, Hennie G"]
[Result "1/2-1/2"]
[WhiteElo "2272"]
[BlackElo "2122"]
[PlyCount "46"]
[EventDate "2008.??.??"]
[EventType "match (corr)"]
[EventRounds "2"]
[SourceTitle "Telechess CBM 137"]
[Source "ChessBase"]
[SourceDate "2010.07.15"]
[SourceVersion "1"]
[SourceVersionDate "2010.07.15"]
[SourceQuality "1"]
[WhiteTeam "Uruguay"]
[BlackTeam "Netherlands"]
[WhiteTeamCountry "URU"]
[BlackTeamCountry "NED"]

1. e4 c5 2. Nf3 d6 3. c3 Nf6 4. Be2 Nbd7 5. d3 b6 6. 0-0 Bb7 7. Nbd2 g6 8. d4 cxd4 9. cxd4 Bg7 10. Bd3 0-0 11. Re1 Rc8 12. Nb3 a5 13. a4 e6 14. h3 Qe7 15. Qe2 Nb8 16. Bf4 Nc6 17. Ba6 Bxa6 18. Qxa6 Nb4 19. Qxb6 Nc2 20. Bxd6 Qd8 21. Qa6 Ra8 22. Qc6 Rc8 23. Qa6 Ra8 1/2-1/2

[Event "IECC KO-4024"]
[Site "IECC email"]
[Date "2009.01.09"]
[Round "?"]
[White "Gertner, Hennie G"]
[Black "Leenders, Chris"]
[Result "1-0"]
[WhiteElo "2116"]
[BlackElo "1946"]
[PlyCount "107"]
[EventDate "2008.??.??"]
[EventType "match (corr)"]
[EventRounds "2"]
[SourceTitle "Telechess CBM 137"]
[Source "ChessBase"]
[SourceDate "2010.07.15"]
[SourceVersion "1"]
[SourceVersionDate "2010.07.15"]
[SourceQuality "1"]
[WhiteTeam "Netherlands"]
[BlackTeam "Netherlands"]
[WhiteTeamCountry "NED"]
[BlackTeamCountry "NED"]

1. e4 c5 2. Nf3 d6 3. d4 cxd4 4. Nxd4 Nf6 5. Nc3 g6 6. Be3 Bg7 7. f3 Nc6 8. Qd2 0-0 9. Bc4 Bd7 10. 0-0-0 Rc8 11. Bb3 Ne5 12. Kb1 a6 13. h4 h5 14. Bh6 Nc4 15. Bxc4 Rxc4 16. Bxg7 Kxg7 17. Rhe1 Re8 18. f4 e5 19. Nf3 Rc6 20. a3 Ng4 21. fxe5 Nxe5 22. Nd5 Bg4 23. Rf1 Be6 24. Ng5 Bxd5 25. exd5 Rc7 26. Rf4 Rce7 27. Qd4 Qc7 28. Re1 b5 29. Ref1 Kg8 30. Ne4 Rc8 31. Nf6+ Kg7 32. R4f2 Qc4 33. Qd2 Qxh4 34. g3 Qh3 35. Qg5 Rec7 36. Ne4 Ng4 37. Nxd6 Nxf2 38. Rxf2 Rf8 39. Qe5+ f6 40. Ne8+ Rxe8 41. Qxc7+ Kh6 42. Qf4+ Kh7 43. Rd2 Kg7 44. Qc7+ Kh6 45. b3 Qg4 46. Kb2 Qg5 47. Rd3 f5 48. d6 Qf6+ 49. Ka2 Re1 50. Qc3 Qxc3 51. Rxc3 Re8 52. Rd3 Kg5 53. d7 Rd8 54. c4 1-0

[Event "IECC KO-4024"]
[Site "IECC email"]
[Date "2009.01.09"]
[Round "?"]
[White "Leenders, Chris"]
[Black "Gertner, Hennie G"]
[Result "1/2-1/2"]
[WhiteElo "1939"]
[BlackElo "2122"]
[PlyCount "82"]
[EventDate "2008.??.??"]
[EventType "match (corr)"]
[EventRounds "2"]
[SourceTitle "Corr 2011"]
[Source "ChessBase"]
[SourceDate "2010.08.31"]
[SourceVersion "1"]
[SourceVersionDate "2010.08.31"]
[SourceQuality "1"]
[WhiteTeam "Netherlands"]
[BlackTeam "Netherlands"]
[WhiteTeamCountry "NED"]
[BlackTeamCountry "NED"]

1. d4 Nf6 2. c4 e6 3. Nc3 Bb4 4. Qc2 0-0 5. a3 Bxc3+ 6. Qxc3 b6 7. Bg5 Bb7 8. e3 d6 9. Ne2 Nbd7 10. Qc2 h6 11. Bh4 c5 12. Rd1 cxd4 13. Nxd4 a6 14. Qd2 Ne5 15. f3 Ne4 16. Bxd8 Nxd2 17. Rxd2 Rfxd8 18. Kf2 Rdc8 19. b3 d5 20. cxd5 Bxd5 21. Be2 Rc3 22. Rb1 b5 23. Rc2 Rac8 24. Rxc3 Rxc3 25. e4 Bb7 26. Ke1 Kf8 27. Kd2 Rc8 28. b4 Ke7 29. Nb3 Rc7 30. Nc5 Nd7 31. Nxb7 Rxb7 32. Rc1 Kd6 33. Rc8 Nb6 34. Rg8 f6 35. f4 e5 36. g3 Ke6 37. f5+ Kd6 38. Re8 Rd7 39. Kc3 Kc7 40. Bd3 Na4+ 41. Kc2 Kb7 1/2-1/2

[Event "IECC KO-4023"]
[Site "IECC email"]
[Date "2008.08.04"]
[Round "?"]
[White "Coyne, David W"]
[Black "Gertner, Hennie G"]
[Result "1/2-1/2"]
[WhiteElo "1973"]
[BlackElo "2127"]
[PlyCount "91"]
[EventDate "2007.??.??"]
[EventType "match (corr)"]
[EventRounds "2"]
[SourceTitle "Corr 2011"]
[Source "ChessBase"]
[SourceDate "2010.08.31"]
[SourceVersion "1"]
[SourceVersionDate "2010.08.31"]
[SourceQuality "1"]
[WhiteTeam "England"]
[BlackTeam "Netherlands"]
[WhiteTeamCountry "ENG"]
[BlackTeamCountry "NED"]

1. e4 c5 2. Nf3 d6 3. d4 cxd4 4. Nxd4 Nf6 5. Nc3 a6 6. Be3 e5 7. Nb3 Be6 8. f3 Be7 9. Qd2 0-0 10. 0-0-0 Nbd7 11. g4 b5 12. g5 b4 13. Ne2 Ne8 14. f4 a5 15. f5 a4 16. Nbd4 exd4 17. Nxd4 b3 18. Kb1 bxc2+ 19. Nxc2 Nc7 20. fxe6 Nxe6 21. h4 Ne5 22. Nb4 Qd7 23. Nd5 Rab8 24. Nxe7+ Qxe7 25. Qxd6 Qxd6 26. Rxd6 Rb4 27. Ba6 Rxe4 28. Bf2 Ng4 29. Be1 Ne3 30. Rc6 Re8 31. Bf2 Nf5 32. Rc4 Nd6 33. Rxe4 Nxe4 34. Be1 Rd8 35. Bb7 Rd4 36. Bc6 g6 37. a3 Rd1+ 38. Kc2 Rd4 39. Bb5 Nd6 40. Bd3 Nf4 41. Ba6 Ne4 42. Bb7 Ne6 43. Bb4 h6 44. gxh6 Kh7 45. Rd1 Rc4+ 46. Kb1 1/2-1/2

[Event "IECC TH-S-0235"]
[Site "IECC email"]
[Date "2007.01.06"]
[Round "?"]
[White "Gomez, Fernando"]
[Black "Gertner, Hennie G"]
[Result "1/2-1/2"]
[WhiteElo "2035"]
[BlackElo "2014"]
[PlyCount "53"]
[EventDate "2007.??.??"]
[EventType "match (corr)"]
[EventRounds "2"]
[SourceTitle "Corr 2008"]
[Source "ChessBase"]
[SourceDate "2008.06.24"]
[SourceVersion "1"]
[SourceVersionDate "2008.06.24"]
[SourceQuality "1"]
[WhiteTeam "Spain"]
[BlackTeam "Netherlands"]
[WhiteTeamCountry "ESP"]
[BlackTeamCountry "NED"]

1. e4 d5 2. exd5 Qxd5 3. Nc3 Qa5 4. d4 Nf6 5. Bc4 c6 6. Nf3 Bf5 7. Bd2 e6 8. Nd5 Qd8 9. Nxf6+ Qxf6 10. Qe2 Nd7 11. 0-0-0 Bg4 12. d5 Bxf3 13. gxf3 cxd5 14. Bxd5 0-0-0 15. Be4 Qe5 16. Bc3 Qc7 17. h4 f6 18. Rhg1 Nc5 19. Rxd8+ Qxd8 20. Qc4 Qc7 21. h5 Kb8 22. Bd4 a6 23. Bxc5 Bxc5 24. Qxe6 Rd8 25. c3 Bxf2 26. Rf1 Bc5 27. Rh1 1/2-1/2

[Event "IECC TH-M-2589"]
[Site "IECC email"]
[Date "2006.02.04"]
[Round "?"]
[White "Lahdenmaeki, Leo"]
[Black "Gertner, Hennie G"]
[Result "1-0"]
[WhiteElo "1957"]
[BlackElo "1961"]
[PlyCount "29"]
[EventDate "2006.??.??"]
[EventType "match (corr)"]
[EventRounds "2"]
[SourceTitle "Corr 2008"]
[Source "ChessBase"]
[SourceDate "2008.06.24"]
[SourceVersion "1"]
[SourceVersionDate "2008.06.24"]
[SourceQuality "1"]

1. d4 Nf6 2. c4 c5 3. d5 e6 4. Nc3 exd5 5. cxd5 d6 6. Nf3 g6 7. e4 Bg7 8. h3 0-0 9. Bd3 b5 10. Nxb5 Re8 11. Nd2 Nxd5 12. Nc4 Re6 13. Nbxd6 a6 14. 0-0 Nb4 15. Be2 1-0

[Event "IECC TH-M-2545"]
[Site "IECC email"]
[Date "2005.06.10"]
[Round "?"]
[White "Gertner, Hennie G"]
[Black "Van Laar, Jan"]
[Result "1-0"]
[WhiteElo "1910"]
[BlackElo "1890"]
[PlyCount "33"]
[EventDate "2005.??.??"]
[EventType "match (corr)"]
[EventRounds "2"]
[SourceTitle "Corr 2008"]
[Source "ChessBase"]
[SourceDate "2008.06.24"]
[SourceVersion "1"]
[SourceVersionDate "2008.06.24"]
[SourceQuality "1"]

1. e4 e6 2. d4 d5 3. Nd2 c5 4. exd5 Qxd5 5. Ngf3 cxd4 6. Bc4 Qd6 7. 0-0 Nf6 8. Nb3 Nc6 9. Nbxd4 Nxd4 10. Nxd4 a6 11. Re1 Qc7 12. Bb3 Bd6 13. Nf5 Bxh2+ 14. Kh1 0-0 15. Nxg7 Rd8 16. Qf3 Kxg7 17. Bh6+ 1-0

[Event "IECC TH-M-2546"]
[Site "IECC email"]
[Date "2005.06.10"]
[Round "?"]
[White "Gertner, Hennie G"]
[Black "Van Laar, Jan"]
[Result "1-0"]
[WhiteElo "1939"]
[BlackElo "1861"]
[PlyCount "33"]
[EventDate "2005.??.??"]
[EventType "match (corr)"]
[EventRounds "2"]
[SourceTitle "Corr 2008"]
[Source "ChessBase"]
[SourceDate "2008.06.24"]
[SourceVersion "1"]
[SourceVersionDate "2008.06.24"]
[SourceQuality "1"]

1. e4 e6 2. d4 d5 3. e5 c5 4. c3 Nc6 5. Nf3 Bd7 6. Be2 f6 7. 0-0 fxe5 8. Nxe5 Nxe5 9. dxe5 Qc7 10. c4 Qxe5 11. Bh5+ g6 12. Bf3 0-0-0 13. Re1 Qd6 14. Nc3 dxc4 15. Qe2 Qc7 16. Qxc4 Bd6 17. Ne4 1-0

[Event "IECC TH-M-2545"]
[Site "IECC email"]
[Date "2005.06.10"]
[Round "?"]
[White "Van Laar, Jan"]
[Black "Gertner, Hennie G"]
[Result "0-1"]
[WhiteElo "1875"]
[BlackElo "1925"]
[PlyCount "32"]
[EventDate "2005.??.??"]
[EventType "match (corr)"]
[EventRounds "2"]
[SourceTitle "Corr 2008"]
[Source "ChessBase"]
[SourceDate "2008.06.24"]
[SourceVersion "1"]
[SourceVersionDate "2008.06.24"]
[SourceQuality "1"]

1. e4 e6 2. d4 d5 3. Nd2 c5 4. exd5 exd5 5. Bb5+ Bd7 6. Qe2+ Be7 7. dxc5 Nf6 8. Ngf3 0-0 9. Nb3 Re8 10. Be3 a6 11. Bd3 Ba4 12. Nfd4 Nbd7 13. 0-0-0 Bxb3 14. Nxb3 Nxc5 15. Qf3 Nxb3+ 16. axb3 Qa5 0-1

[Event "IECC M-4813"]
[Site "IECC email"]
[Date "2003.08.29"]
[Round "?"]
[White "Koolsbergen, Nico"]
[Black "Gertner, Hennie G"]
[Result "1/2-1/2"]
[WhiteElo "1898"]
[BlackElo "1892"]
[PlyCount "113"]
[EventDate "2003.??.??"]
[EventType "tourn (corr)"]
[EventRounds "6"]
[SourceTitle "Corr 2008"]
[Source "ChessBase"]
[SourceDate "2008.06.24"]
[SourceVersion "1"]
[SourceVersionDate "2008.06.24"]
[SourceQuality "1"]

1. c4 Nf6 2. Nf3 e6 3. d4 b6 4. a3 Bb7 5. Nc3 d5 6. cxd5 Nxd5 7. Qc2 Nxc3 8. bxc3 Be7 9. e4 0-0 10. Bd3 c5 11. 0-0 Qc8 12. e5 h6 13. Qe2 Rd8 14. Bf4 Qc6 15. Rfc1 Qd5 16. Qe3 Nd7 17. a4 Rac8 18. Qe2 cxd4 19. cxd4 Nf8 20. Ba6 Ng6 21. Be3 Bxa6 22. Qxa6 Rxc1+ 23. Rxc1 Qd7 24. Rb1 Rc8 25. Qb5 Qc6 26. h3 Bf8 27. a5 Qxb5 28. Rxb5 bxa5 29. Rxa5 Rc7 30. d5 exd5 31. Rxd5 Bb4 32. Kf1 Rc8 33. Ke2 a5 34. Kd3 a4 35. Rb5 Bc3 36. Rb6 a3 37. Ra6 Bb2 38. Ke4 Ne7 39. Ra4 Rd8 40. Bd4 Nd5 41. Ra7 Nb4 42. Bc5 a2 43. Bxb4 a1Q 44. Rxa1 Bxa1 45. Ba3 g6 46. Be7 f5+ 47. exf6 Ra8 48. g4 Ra4+ 49. Ke3 Bb2 50. Nd2 Bc1 51. Kd3 Bxd2 52. Kxd2 Ra1 53. f4 Rh1 54. g5 Kf7 55. gxh6 Rxh3 56. h7 Rxh7 57. Kd3 1/2-1/2